000 00816cab a2200253 4500
001 ABS54397
008 090401t1996 xxu||||| |||| 00| 0 eng d
035 _a(Sirsi) u10107
041 _aeng
100 _aGraves, G.
245 _aInquiry procedure - another dose of reform?
260 _c1996
350 _a0
490 _aJournal of Planning and Environment Law
_vFebruary 1996, 99-106(8)
520 _aReport of the City of London Law Society Planning and Environment Law Subcommittee Inquiry Procedure Working Group with proposals for reforming public inquiry procedures.
650 _aINQUIRIES PROCEDURE RULES 1992
650 _aPLANNING INQUIRIES
650 _aREFORM
690 _aPLANNING LAW AND PRACTICE
700 _aMax, R.
700 _aKitson, T.
942 _n0
948 _c04/03/1997
999 _c6351
_d6351